| 000 | 00377nam a22001697a 4500 | ||
|---|---|---|---|
| 005 | 20230930105355.0 | ||
| 008 | 160627b xxu||||| |||| 00| 0 eng d | ||
| 020 | _a81-86535-46-2 | ||
| 041 | _aeng | ||
| 082 | _b10285 | ||
| 100 |
_aSadava, David E _98198 |
||
| 245 | _aCell Biology | ||
| 260 |
_bPonima _c2004 |
||
| 300 | _a579 | ||
| 650 |
_aAgriculture _98199 |
||
| 942 | _cBK | ||
| 999 |
_c4226 _d4225 |
||